000
00293cam a22000977a 4500
008
180718b1995 xxu||||| |||| 00| 0 eng d
245
_a
Sadhana paddtiyon ka gyan aur vigyan
_c
edited by brahmverchasva
260
_a
Mathura
_b
Akhand Jyoti Sansthan
_c
1995
300
_a
V.P.
700
_a
brahmverchasva
999
_c
440441
_d
440441